| 000 | 00604cam a2200217 4500 | ||
|---|---|---|---|
| 001 | WB3722-11 | ||
| 008 | 000000n2001 000 0 eng u | ||
| 035 | _a(Sirsi) u112964 | ||
| 245 | _aFinancial Times Survey: Italy | ||
| 260 | _c2001 | ||
| 490 |
_aFinancial Times _v 5 June 2001, (6) LOAN |
||
| 520 | _aIncludes articles on politics, economy, industry, science parks, television, electricity and finance. | ||
| 590 | _aWB | ||
| 650 | _aITALY | ||
| 650 | _aPOLITICS | ||
| 650 | _aECONOMICS | ||
| 650 | _aFINANCE | ||
| 650 | _aSCIENCE PARKS | ||
| 690 | _aINTERNATIONAL-EUROPE | ||
| 942 | _n0 | ||
| 999 |
_c67250 _d67250 |
||